Órganos de la ONU - Estadísticas

Estadísticas generales
  • Esta prueba ha sido intentada 16 veces
  • La puntuación promedio es 3 de 6
Estadísticas de respuestas
Respuesta % Correcto
Asamblea General
86%
Consejo de Seguridad
86%
Secretaría
43%
Corte Internacional de Justicia
29%
Consejo Económico y Social
21%
Consejo de Administración Fiduciaria
0%
No se encontraron pruebas coincidentes
Distribución de puntuación
Porcentaje de gente con cada puntuación
Porcentaje por número respondido
Historial de tus puntuaciones
No has intentado esta prueba.